00665nam a2200193Ia 4500008004100000020001800041082001400059100002100073245008500094250000700179260005600186300002300242500001900265600001500284650001500299942000700314952013300321999001700454240925s9999 xx 000 0 und d a9781138695443 a658.8 JUS aJuska, Jerome M. 0aIntegrated Marketing Communication: advertising and promotion in a digital world aNA aNew York:bRoutledge Taylor & Francis Groupc,2018. a490p.b0fOriginal aIncludes Index aManagement aManagement cBK 001040708MANaUITUbUITUd2018-05-02eRoyal Book Company g5094.40l0o658.8 JUSpQ11662r2024-09-25 07:16:09w2024-09-25yBK c14161d14161